[Event "Mar del Plata op 39th"]
[Site "Mar del Plata"]
[Date "2008.03.16"]
[Round "3"]
[White "Goldwaser, Christian"]
[Black "Oddone, Cristhian"]
[Result "1-0"]
[WhiteElo "2350"]
[BlackElo "2145"]
[PlyCount "65"]
[EventDate "2008.03.15"]
[EventType "swiss"]
[EventRounds "9"]
[EventCountry "ARG"]
[SourceTitle "CBM 123 Extra"]
[Source "ChessBase"]
[SourceDate "2008.05.06"]
[SourceVersion "1"]
[SourceVersionDate "2008.05.06"]
[SourceQuality "1"]

1. Nf3 c5 2. c4 Nc6 3. d4 cxd4 4. Nxd4 Nf6 5. Nc3 e6 6. e4 Bb4 7. Nxc6 bxc6 8. Bd3 e5 9. 0-0 0-0 10. Be3 Qa5 11. Na4 Be7 12. c5 d5 13. cxd6 Bxd6 14. Qc2 Ba6 15. Bxa6 Qxa6 16. Rac1 Rac8 17. Qc4 Qb5 18. f3 Be7 19. Rc2 Rfd8 20. Rfc1 Qb7 21. Nc5 Bxc5 22. Qxc5 Nd7 23. Qxa7 Qxa7 24. Bxa7 Ra8 25. Be3 Rxa2 26. Rd1 Kf8 27. Bb6 Rb8 28. Bc7 Rb7 29. Rxd7 Ke8 30. Rcd2 Rbxb2 31. Rd8+ Ke7 32. Rxb2 Rxb2 33. Rb8 1-0

[Event "Mar del Plata op 39th"]
[Site "Mar del Plata"]
[Date "2008.03.16"]
[Round "2"]
[White "Tokman, Ariel"]
[Black "Goldwaser, Christian"]
[Result "0-1"]
[WhiteElo "2083"]
[BlackElo "2350"]
[PlyCount "68"]
[EventDate "2008.03.15"]
[EventType "swiss"]
[EventRounds "9"]
[EventCountry "ARG"]
[SourceTitle "CBM 123 Extra"]
[Source "ChessBase"]
[SourceDate "2008.05.06"]
[SourceVersion "1"]
[SourceVersionDate "2008.05.06"]
[SourceQuality "1"]

1. e4 e6 2. d4 d5 3. Nd2 c5 4. Ngf3 cxd4 5. exd5 Qxd5 6. Bc4 Qd6 7. 0-0 Nf6 8. Nb3 Nc6 9. Nbxd4 Nxd4 10. Nxd4 a6 11. a4 Bd7 12. Re1 Qc7 13. b3 Bb4 14. Re3 0-0-0 15. Bb2 Bd6 16. h3 Bh2+ 17. Kh1 Bf4 18. Rd3 e5 19. Ne2 e4 20. Nxf4 Qxf4 21. Rc3 Bxh3 22. Qg1 Bf5 23. Bxa6+ Kb8 24. Be2 Nd5 25. Rc5 Rd6 26. g4 Bxg4 27. Bxg4 Rh6+ 28. Kg2 Qxg4+ 29. Kf1 Ne3+ 30. fxe3 Qf3+ 31. Ke1 Rh1 32. Be5+ Ka7 33. Qxh1 Qxh1+ 34. Kd2 Rd8+ 0-1

[Event "Villa Martelli Jorge Laplaza"]
[Site "Villa Martelli"]
[Date "2007.11.10"]
[Round "8.1"]
[White "Della Morte, Pablo"]
[Black "Goldwaser, Christian"]
[Result "1-0"]
[WhiteElo "2288"]
[BlackElo "2331"]
[PlyCount "55"]
[EventDate "2007.11.07"]
[EventType "tourn"]
[EventRounds "9"]
[EventCountry "ARG"]
[EventCategory "3"]
[SourceTitle "EXT 2024"]
[Source "ChessBase"]
[SourceDate "2023.10.10"]
[SourceVersion "1"]
[SourceVersionDate "2023.10.10"]
[SourceQuality "1"]

1. e4 g6 2. d4 Bg7 3. Nc3 c6 4. Bc4 d6 5. Qf3 e6 6. Nge2 Nd7 7. a4 Ngf6 8. Ba2 0-0 9. 0-0 e5 10. h3 a5 11. Rd1 exd4 12. Nxd4 Re8 13. Be3 Qe7 14. Re1 Nc5 15. Bf4 d5 16. exd5 Qxe1+ 17. Rxe1 Rxe1+ 18. Kh2 Nfe4 19. Nxe4 Nxe4 20. Be3 cxd5 21. Bxd5 Be5+ 22. g3 Nd6 23. Bd2 Rb1 24. Bc3 Bxd4 25. Bxd4 Bf5 26. g4 Re8 27. gxf5 Nxf5 28. Bc3 1-0